| 000 | 02230nam a2200649 i 4500 | ||
|---|---|---|---|
| 001 | 991052830014005066 | ||
| 003 | NyNyJPI | ||
| 005 | 20260408161126.0 | ||
| 008 | 201215s2020 pl abho |001 0 eng c | ||
| 009 | b1000000839310 | ||
| 015 | _aUWD 2020/40112 | ||
| 020 |
_a9788376666907 _q(oprawa twarda) |
||
| 035 | _a(OCoLC)1228833882 | ||
| 035 | _a(PL)b1000000839310 | ||
| 035 | _a(EXLNZ-48OMNIS_NETWORK)9911738659705606 | ||
| 040 |
_aWA N _cWA N _dWA N _dKR U _dWA N |
||
| 041 | 1 |
_aeng _hpol |
|
| 045 | 2 |
_bd1932 _bd1933 |
|
| 046 | _k2019 | ||
| 080 |
_81.1\x _a94(47+57)"19" |
||
| 080 |
_81.2\x _a94(477)"19" |
||
| 080 |
_81.3\x _a332.025.26(47+57) |
||
| 080 |
_81.4\x _a323.15(=162.1) |
||
| 080 |
_81.5\x _a341.485 |
||
| 084 | _a01 | ||
| 245 | 0 | 4 |
_aThe Holodomor - Poland : _bPolish victims 1932-1933 / _ceditors Michał Dworczyk, Robert Kuśnierz ; [translator Jerzy Adamko]. |
| 246 | 3 | 0 | _aPolish victims 1932-1933 |
| 246 | 1 |
_iTytuł oryginału: _aHołodomor - Polska : _bpolskie ofiary 1932-1933 |
|
| 250 | _aFirst edition. | ||
| 260 |
_aWarszawa : _bWydawnictwo Sejmowe, _c2020. |
||
| 300 |
_a255 stron : _bilustracje, faksymilia, fotografie, mapy ; _c25 cm. |
||
| 336 |
_aTekst _btxt _2rdacontent |
||
| 337 |
_aBez urządzenia pośredniczącego _bn _2rdamedia |
||
| 338 |
_aWolumin _bnc _2rdacarrier |
||
| 380 | _aKsiążki | ||
| 380 | _aPublikacje naukowe | ||
| 388 | 1 | _a2001- | |
| 504 | _aBibliografia, netografia na stronach 230-244. Indeks. | ||
| 650 | 7 |
_aMniejszości narodowe _2DBN |
|
| 650 | 7 |
_aPolacy za granicą _2DBN |
|
| 650 | 7 |
_aPolityka zagraniczna _2DBN |
|
| 650 | 7 |
_aWielki głód na Ukrainie (1932-1933) _2DBN |
|
| 650 | 7 |
_aWywiad polski _2DBN |
|
| 650 | 0 |
_aPolish people _zUkraine _xHistory _y20th century. |
|
| 650 | 0 |
_aFamines _zUkraine _xHistory _y20th century. |
|
| 651 | 7 |
_aPolska _2DBN |
|
| 651 | 7 |
_aUkraina _2DBN |
|
| 651 | 7 |
_aZSRR _2DBN |
|
| 651 | 0 |
_aUkraine _xHistory _yFamine, 1932-1933 |
|
| 655 | 7 |
_aPraca zbiorowa _2DBN |
|
| 658 | _aHistoria | ||
| 700 | 1 |
_aDworczyk, Michał _d(1975- ) _eRedakcja |
|
| 700 | 1 |
_aKuśnierz, Robert _d(1977- ) _eRedakcja |
|
| 700 | 1 |
_aAdamko, Jerzy _eTłumaczenie |
|
| 710 | 2 |
_aWydawnictwo Sejmowe _eWydawca _4pbl |
|
| 942 |
_2z _cBK _n0 |
||
| 999 |
_c91081 _d91081 |
||